Vocabulary, Language, and Style

Saved in:  
Bibliographic Details
Main Author: Barth, Markus 1957- (Author)
Format: Print Article
Language:English
Check availability: HBZ Gateway
Interlibrary Loan:Interlibrary Loan for the Fachinformationsdienste (Specialized Information Services in Germany)
Published: 2000
In: The letter to Philemon
Year: 2000, Pages: 108-118

MARC

LEADER 00000naa a22000002c 4500
001 1967680272
003 DE-627
005 20260331063917.0
007 tu
008 260331s2000 xx ||||| 00| ||eng c
020 |a 9780802827456 
035 |a (DE-627)1967680272 
035 |a (DE-599)KXP1967680272 
040 |a DE-627  |b ger  |c DE-627  |e rda 
041 |a eng 
084 |a 1  |2 ssgn 
100 1 |e VerfasserIn  |0 (DE-588)120457431  |0 (DE-627)080686583  |0 (DE-576)292228643  |4 aut  |a Barth, Markus  |d 1957- 
109 |a Barth, Markus 1957- 
245 1 0 |a Vocabulary, Language, and Style 
264 1 |c 2000 
336 |a Text  |b txt  |2 rdacontent 
337 |a ohne Hilfsmittel zu benutzen  |b n  |2 rdamedia 
338 |a Band  |b nc  |2 rdacarrier 
773 0 8 |i Enthalten in  |a Barth, Markus, 1915 - 1994  |t The letter to Philemon  |d Grand Rapids, Mich. [u.a.] : Eerdmans, 2000  |g (2000), Seite 108-118  |h XVIII, 561 S  |w (DE-627)314883835  |w (DE-576)089902297  |z 0802838294  |z 9780802827456  |7 nnam 
773 1 8 |g year:2000  |g pages:108-118 
935 |a mteo 
951 |a AR 
ELC |b 1 
ITA |a 1  |t 1 
LOK |0 000 xxxxxcx a22 zn 4500 
LOK |0 001 4946026630 
LOK |0 003 DE-627 
LOK |0 004 1967680272 
LOK |0 005 20260331032916 
LOK |0 008 260331||||||||||||||||ger||||||| 
LOK |0 035   |a (DE-Tue135)314883835_2000_108 
LOK |0 040   |a DE-Tue135  |c DE-627  |d DE-Tue135 
LOK |0 092   |o n 
LOK |0 852   |a DE-Tue135 
LOK |0 852 1  |9 00 
LOK |0 935   |a imwa  |a ixau  |a ixrk 
LOK |0 939   |a 2026-03-31  |b l01 
ORI |a TA-MARC-ixtheoa001.raw